000
00348nam a2200145Ia 4500
008
231217s9999 xx 000 0 und d
041
_a
English
082
_a
001.642 RAV
100
_a
Ravishankar S
245
0
_a
Text book of operating system
260
_c
2001
_b
Subhash Stores
300
_a
463
650
_a
operating,system
942
_c
AA
999
_c
169790
_d
169790